[Event "WYCC 2018 O16"]
[Site "Halkidiki"]
[Date "2018.10.24"]
[Round "6"]
[White "Vatsal Singhania"]
[Black "Sahidi, Samir"]
[Result "0-1"]
[WhiteElo "2128"]
[BlackElo "2315"]
[Annotator "NA"]
[PlyCount "206"]
[EventDate "2018.10.20"]
[EventType "swiss"]
[EventCountry "GRE"]
[SourceTitle "playchess.com"]
[Source "ChessBase"]
[SourceQuality "1"]
[TimeControl "40/5400+30:1800+30"]

1. d4 {[%emt 0:00:00]} Nf6 {[%emt 0:00:16]} 2. c4 {[%emt 0:00:00]} e6 {[%emt 0:02:08]} 3. g3 {[%emt 0:00:00]} d5 {[%emt 0:00:21]} 4. Bg2 {[%emt 0:00:00]} Be7 {[%emt 0:01:03]} 5. Nf3 {[%emt 0:00:04]} O-O {[%emt 0:01:50]} 6. O-O {[%emt 0:00:04]} dxc4 {[%emt 0:05:00]} 7. Qc2 {[%emt 0:00:07]} a6 {[%emt 0:01:07]} 8. a4 {[%emt 0:00:18]} Nc6 {[%emt 0:01:43] LiveBook: 199 Games} 9. Qxc4 {[%emt 0:02:06]} Nb4 {[%emt 0:02:19]} 10. a5 {[%emt 0:06:40] E05: Open Catalan: 5 Nf3 Be7} (10. Bf4 Nfd5 11. Nc3 c6 12. a5 b5 13. Qb3 c5 14. dxc5 Bxc5 15. Rfd1 Qe7 16. Ne4 Nxf4 17. gxf4 Nd5 18. Nxc5 Qxc5 {1-0 (39) Xu,X (2549)-Colijn,S (2308) Hoogeveen 2017}) 10... Bd7 {[%emt 0:09:19]} 11. Na3 $146 {[%emt 0:13:07]} ({Predecessor:} 11. Nc3 Bc6 12. Bg5 Ne4 13. Bxe7 Qxe7 14. Rfc1 Rac8 15. Qb3 Rb8 16. Ne5 Nxc3 17. bxc3 Bxg2 18. Qxb4 {1-0 (55) Campos Jimenez,A (2390)-Pazos Gambarrotti,P (2217) Santa Clara 2018}) 11... Bc6 {[%emt 0:02:42]} 12. Bd2 {[%emt 0:00:36]} Bd5 {[%emt 0:00:35]} 13. Qc1 {[%emt 0:00:29]} Ne4 {[%emt 0:04:28]} 14. Bf4 {[%emt 0:07:41]} Rc8 {[%emt 0:02:19]} 15. Nc4 {[%emt 0:01:47]} Nd6 {[%emt 0:05:10]} 16. Ne3 {[%emt 0:09:59]} Be4 {[%emt 0:01:52]} 17. Qd2 {[%emt 0:04:43]} Nd5 {[%emt 0:01:23]} 18. Nxd5 {[%emt 0:01:29]} exd5 {[%emt 0:00:37]} 19. Bh3 {[%emt 0:04:48]} Bf5 {[%emt 0:06:21]} 20. Bxf5 {[%emt 0:00:48]} Nxf5 {[%emt 0:00:05]} 21. Qd3 {[%emt 0:00:07]} Qd7 {[%emt 0:04:41]} 22. Rfc1 {[%emt 0:01:16]} c6 {[%emt 0:02:35]} 23. Rc3 {[%emt 0:07:55]} Rfe8 {[%emt 0:03:48]} 24. Rb3 {[%emt 0:02:12]} Nd6 {[%emt 0:01:09]} 25. Bxd6 {[%emt 0:03:50]} Bxd6 {[%emt 0:00:13]} 26. e3 {[%emt 0:02:27]} Re7 {[%emt 0:05:45]} 27. Nd2 {[%emt 0:04:43]} Qe6 {[%emt 0:02:37]} 28. Rb6 {[%emt 0:02:31]} h5 {[%emt 0:03:29]} 29. Nb3 {[%emt 0:03:02]} Rce8 {[%emt 0:09:08]} 30. Nc5 {[%emt 0:00:55]} Qc8 {[%emt 0:00:42]} 31. Qd1 {[%emt 0:11:31]} h4 {[%emt 0:03:18]} 32. Qh5 {[%emt 0:01:11]} Bxc5 {[%emt 0:01:38]} 33. dxc5 {[%emt 0:01:29]} Re4 {[%emt 0:00:43]} 34. Rb3 {[%emt 0:04:34]} R8e5 {[%emt 0:02:22]} 35. Qf3 {[%emt 0:01:11]} Rc4 {[%emt 0:01:11]} 36. Rc3 {[%emt 0:00:17]} Rb4 {[%emt 0:00:21]} 37. b3 {[%emt 0:00:48]} Qd8 {[%emt 0:01:19]} 38. Rd3 {[%emt 0:00:28]} Qe7 {[%emt 0:02:30]} 39. Rc1 {[%emt 0:02:04]} Ree4 {[%emt 0:01:57]} 40. Qf5 {[%emt 0:00:00]} g6 {[%emt 0:00:00]} 41. Qf3 {[%emt 0:03:59]} Kg7 {[%emt 0:01:57]} 42. Qe2 {[%emt 0:02:52]} Rb5 {[%emt 0:01:17]} 43. Qb2+ {[%emt 0:02:16]} Qf6 {[%emt 0:00:12]} 44. Qxf6+ {[%emt 0:00:26]} Kxf6 {[%emt 0:00:05]} 45. f3 {[%emt 0:01:13]} Reb4 {[%emt 0:00:14]} 46. e4 {[%emt 0:01:09]} dxe4 {[%emt 0:01:24]} 47. fxe4 {[%emt 0:00:04]} Rxe4 {[%emt 0:00:58]} 48. Rd7 {[%emt 0:00:30]} hxg3 {[%emt 0:02:12]} 49. Rf1+ {[%emt 0:02:09]} Kg5 {[%emt 0:02:53]} 50. Rfxf7 {[%emt 0:00:06]} gxh2+ {[%emt 0:01:25]} 51. Kxh2 {[%emt 0:00:11]} Rxa5 {[%emt 0:08:16]} 52. Rxb7 {[%emt 0:00:47]} Rxc5 {[%emt 0:00:25]} 53. Rf2 {[%emt 0:00:41]} Rh4+ {[%emt 0:01:08]} 54. Kg2 {[%emt 0:01:19]} Rg4+ {[%emt 0:01:42]} 55. Kh2 {[%emt 0:00:22]} Rb5 {[%emt 0:03:40]} 56. Rxb5+ {[%emt 0:00:27]} cxb5 {[%emt 0:00:22]} 57. Rf3 {[%emt 0:00:59]} Rb4 {[%emt 0:00:32]} 58. Kg3 {[%emt 0:00:13]} a5 {[%emt 0:00:05]} 59. Rc3 {[%emt 0:00:08]} a4 {[%emt 0:00:24]} 60. bxa4 {[%emt 0:00:07]} bxa4 {[%emt 0:00:05]} 61. Rc5+ {[%emt 0:00:04]} Kh6 {[%emt 0:00:18]} 62. Ra5 {[%emt 0:00:09]} g5 {[%emt 0:01:01]} 63. Ra8 {[%emt 0:00:08]} g4 {[%emt 0:00:40]} 64. Ra5 {[%emt 0:03:56]} Kg6 {[%emt 0:00:10]} 65. Kf2 {[%emt 0:00:21]} Kf6 {[%emt 0:00:26]} 66. Ke2 {[%emt 0:00:09]} Re4+ {[%emt 0:02:09]} 67. Kd3 {[%emt 0:01:18]} Re5 {[%emt 0:02:09]} 68. Rxa4 {[%emt 0:00:29]} Kg5 {[%emt 0:00:05]} 69. Kd4 {[%emt 0:01:25]} Re7 {[%emt 0:00:24]} 70. Ra8 {[%emt 0:00:09]} Kh4 {[%emt 0:00:11]} 71. Rh8+ {[%emt 0:00:09]} Kg3 {[%emt 0:00:05]} 72. Rg8 {[%emt 0:00:04]} Kh3 {[%emt 0:00:05]} 73. Rh8+ {[%emt 0:00:04]} Kg2 {[%emt 0:00:05]} 74. Kd3 {[%emt 0:00:12]} g3 {[%emt 0:00:06]} 75. Rg8 {[%emt 0:00:57]} Kf2 {[%emt 0:00:08]} 76. Rf8+ {[%emt 0:00:02]} Kg1 {[%emt 0:00:07]} 77. Rg8 {[%emt 0:00:06]} g2 {[%emt 0:00:05]} 78. Rh8 {[%emt 0:00:09]} Re5 {[%emt 0:00:14]} 79. Kd4 {[%emt 0:00:06]} Re2 {[%emt 0:00:24]} 80. Kd3 {[%emt 0:00:43]} Kf1 {[%emt 0:00:25]} 81. Rg8 {[%emt 0:00:29]} Rf2 {[%emt 0:01:20]} 82. Ra8 {[%emt 0:00:08]} g1=Q {[%emt 0:00:08]} 83. Ra1+ {[%emt 0:00:03]} Kg2 {[%emt 0:00:07]} 84. Rxg1+ {[%emt 0:00:02]} Kxg1 {[%emt 0:00:12]} 85. Ke3 {[%emt 0:00:04]} Kg2 {[%emt 0:00:11]} 86. Ke4 {[%emt 0:00:02]} Rf3 {[%emt 0:00:10]} 87. Ke5 {[%emt 0:00:06]} Kg3 {[%emt 0:00:11]} 88. Kd4 {[%emt 0:00:03]} Kf4 {[%emt 0:00:10]} 89. Kd5 {[%emt 0:00:03]} Re3 {[%emt 0:00:08]} 90. Kd4 {[%emt 0:00:04]} Kf3 {[%emt 0:00:37]} 91. Kd5 {[%emt 0:00:05]} Re4 {[%emt 0:00:04]} 92. Kc5 {[%emt 0:00:04]} Ke3 {[%emt 0:00:12]} 93. Kd5 {[%emt 0:00:03]} Kd3 {[%emt 0:00:14]} 94. Kd6 {[%emt 0:00:07]} Kc4 {[%emt 0:00:08]} 95. Kc6 {[%emt 0:00:05]} Re6+ {[%emt 0:00:04]} 96. Kd7 {[%emt 0:00:04]} Kd5 {[%emt 0:00:04]} 97. Kc7 {[%emt 0:00:03]} Rd6 {[%emt 0:00:12]} 98. Kb7 {[%emt 0:00:03]} Rc6 {[%emt 0:00:07]} 99. Ka7 {[%emt 0:00:03]} Kd6 {[%emt 0:00:13]} 100. Kb8 {[%emt 0:00:04]} Rb6+ {[%emt 0:00:11]} 101. Ka8 {[%emt 0:00:05]} Kc7 {[%emt 0:00:11]} 102. Ka7 {[%emt 0:00:02]} Rc6 {[%emt 0:00:07]} 103. Ka8 {[%emt 0:00:02]} Ra6# 0-1

[Event "WYCC 2018 O16"]
[Site "Halkidiki"]
[Date "2018.10.24"]
[Round "6"]
[White "Fainman, Tomer"]
[Black "Morgunov, Daniel"]
[Result "0-1"]
[WhiteElo "2054"]
[BlackElo "2328"]
[Annotator "ChessBase"]
[PlyCount "138"]
[EventDate "2018.10.20"]
[EventType "swiss"]
[EventCountry "GRE"]
[SourceTitle "playchess.com"]
[Source "ChessBase"]
[SourceQuality "1"]
[TimeControl "40/5400+30:1800+30"]

1. d4 {[%emt 0:00:00]} Nf6 {[%emt 0:00:00]} 2. c4 {[%emt 0:00:00]} g6 {[%emt 0:00:00]} 3. Nc3 {[%emt 0:00:00]} Bg7 {[%emt 0:00:00]} 4. e4 {[%emt 0:00:00]} d6 {[%emt 0:00:00]} 5. h3 {[%emt 0:00:00]} O-O {[%emt 0:00:00]} 6. Nf3 {[%emt 0:00:00]} Na6 {[%emt 0:00:01]} 7. Be3 {[%emt 0:04:25]} e5 {[%emt 0:00:11]} 8. d5 {[%emt 0:03:10]} Nh5 {[%emt 0:02:10]} 9. Nd2 Qe8 {[%emt 0:08:23]} 10. Be2 {[%emt 0:30:45]} Nf4 {[%emt 0:10:43]} 11. O-O {[%emt 0:17:27]} f5 {[%emt 0:00:30]} 12. Bxf4 {[%emt 0:00:22]} exf4 {[%emt 0:01:45]} 13. Bf3 {[%emt 0:04:49]} Nc5 {[%emt 0:13:08]} 14. Qe2 Qf7 15. Nb3 {[%emt 0:10:20]} fxe4 {[%emt 0:13:30]} 16. Nxe4 {[%emt 0:01:35]} Nxe4 {[%emt 0:01:34]} 17. Bxe4 {[%emt 0:02:40]} Re8 {[%emt 0:03:14]} 18. f3 {[%emt 0:05:30]} Qf6 {[%emt 0:04:15]} 19. Rab1 {[%emt 0:02:08]} Re5 {[%emt 0:06:03]} 20. Nc1 {[%emt 0:04:57]} Rh5 {[%emt 0:13:32]} 21. Rd1 {[%emt 0:11:40]} Bd7 {[%emt 0:09:07]} 22. Nd3 {[%emt 0:00:13]} Qg5 {[%emt 0:01:14]} 23. Kf1 {[%emt 0:00:28]} Ba4 {[%emt 0:03:22]} 24. b3 {[%emt 0:00:27]} Bd7 {[%emt 0:00:29]} 25. Nf2 {[%emt 0:00:10]} Re8 {[%emt 0:02:36]} 26. Ng4 {[%emt 0:00:57]} Qe7 {[%emt 0:01:03]} 27. Qd3 {[%emt 0:00:35]} Bxg4 {[%emt 0:02:10]} 28. fxg4 {[%emt 0:00:48]} Re5 {[%emt 0:00:12]} 29. Bf3 {[%emt 0:00:16]} Qh4 {[%emt 0:00:30]} 30. Qd2 {[%emt 0:00:26]} Re3 {[%emt 0:00:55]} 31. Qf2 {[%emt 0:00:33]} Qe7 {[%emt 0:00:51]} 32. h4 {[%emt 0:00:26]} g5 {[%emt 0:01:27]} 33. h5 {[%emt 0:00:14]} Bc3 {[%emt 0:01:06]} 34. Kg1 {[%emt 0:00:46]} Qe5 {[%emt 0:00:49]} 35. Kh2 {[%emt 0:00:49]} Be1 {[%emt 0:00:51]} 36. Qc2 {[%emt 0:00:27]} Bg3+ {[%emt 0:00:08]} 37. Kh3 {[%emt 0:00:19]} Qg7 {[%emt 0:01:54]} 38. Rd2 {[%emt 0:00:45]} R8e5 {[%emt 0:00:40]} 39. Rdd1 {[%emt 0:00:24]} Re7 {[%emt 0:00:31]} 40. Qf5 {[%emt 0:00:00]} R7e5 {[%emt 0:00:00]} 41. Qc2 {[%emt 0:08:33]} Re8 {[%emt 0:07:56]} 42. Rf1 {[%emt 0:01:53]} Rc3 {[%emt 0:02:25]} 43. Qf5 {[%emt 0:00:53]} Qe5 {[%emt 0:00:27]} 44. Qd7 {[%emt 0:02:38]} Qe7 {[%emt 0:05:55]} 45. Qa4 {[%emt 0:06:05]} a6 {[%emt 0:02:52]} 46. Qb4 {[%emt 0:02:10]} Rc2 {[%emt 0:00:53]} 47. Qxb7 {[%emt 0:01:26]} Qe3 {[%emt 0:01:03]} 48. Qc6 {[%emt 0:03:10]} Re7 {[%emt 0:00:36]} 49. Qa8+ {[%emt 0:00:34]} Re8 {[%emt 0:00:24]} 50. Qc6 {[%emt 0:00:06]} Rf8 {[%emt 0:01:51]} 51. Rbd1 {[%emt 0:03:39]} Qc3 {[%emt 0:02:40]} 52. Qd7 {[%emt 0:00:50]} Rxa2 {[%emt 0:02:17]} 53. Be4 {[%emt 0:02:59]} Qg7 {[%emt 0:00:11]} 54. Qe6+ {[%emt 0:00:34]} Qf7 {[%emt 0:00:10]} 55. Qh6 {[%emt 0:00:27]} Qe7 {[%emt 0:01:16]} 56. Bf5 {[%emt 0:00:44]} Kh8 {[%emt 0:00:54]} 57. Rd3 {[%emt 0:02:23]} Rf7 {[%emt 0:01:33]} 58. Be6 {[%emt 0:00:32]} Rf6 {[%emt 0:00:38]} 59. Qxg5 {[%emt 0:00:30]} Rxe6 {[%emt 0:00:07]} 60. Qxe7 {[%emt 0:00:31]} Rxe7 {[%emt 0:00:03]} 61. h6 {[%emt 0:00:28]} Kg8 {[%emt 0:01:17]} 62. g5 {[%emt 0:00:25]} Ree2 {[%emt 0:00:27]} 63. Kg4 {[%emt 0:00:29]} Rxg2 {[%emt 0:01:52]} 64. Kf5 {[%emt 0:00:32]} Rae2 {[%emt 0:00:50]} 65. c5 {[%emt 0:00:35]} Re5+ {[%emt 0:01:02]} 66. Kg4 {[%emt 0:00:21]} Bh2+ {[%emt 0:00:57]} 67. Kh3 {[%emt 0:00:41]} Rexg5 {[%emt 0:00:13]} 68. cxd6 {[%emt 0:00:30]} Bg1 {[%emt 0:00:54]} 69. Kh4 {[%emt 0:00:28]} Rg6 {[%emt 0:00:21]} 0-1

[Event "WYCC 2018 O16"]
[Site "Halkidiki"]
[Date "2018.10.24"]
[Round "6"]
[White "Loukopoulos, Panagiotis-Athanasi"]
[Black "Stevanic, David"]
[Result "0-1"]
[WhiteElo "1988"]
[BlackElo "2281"]
[Annotator "NA"]
[PlyCount "56"]
[EventDate "2018.10.20"]
[EventType "swiss"]
[EventCountry "GRE"]
[SourceTitle "playchess.com"]
[Source "ChessBase"]
[SourceQuality "1"]
[TimeControl "40/5400+30:1800+30"]

1. e4 {[%emt 0:00:00]} e5 {[%emt 0:00:00]} 2. Nf3 {[%emt 0:00:00]} Nc6 {[%emt 0:00:00]} 3. Bc4 {[%emt 0:00:00]} Bc5 {[%emt 0:00:00]} 4. O-O {[%emt 0:00:00]} Nf6 {[%emt 0:00:01]} 5. d3 {[%emt 0:00:02]} a6 {[%emt 0:02:30]} 6. c3 {[%emt 0:00:50]} Ba7 {[%emt 0:00:58]} 7. a4 {[%emt 0:01:00]} d6 {[%emt 0:02:28]} 8. Nbd2 {[%emt 0:04:00]} O-O {[%emt 0:00:14]} 9. h3 {[%emt 0:00:20]} Ne7 {[%emt 0:02:58] LiveBook: 36 Games} 10. Re1 {[%emt 0:01:37]} Ng6 {[%emt 0:04:03] C54: Giuoco Piano: 4 c3 Nf6, main lines with 5 d4 and 5 d3} 11. Nf1 {[%emt 0:11:44]} c6 {[%emt 0:00:06]} (11... Be6 12. Bxe6 fxe6 13. Ng3 h6 14. d4 Nd7 15. Be3 Qe7 16. a5 Kh7 17. Nd2 Rf7 18. Nc4 {½-½ (57) Caruana,F (2822)-Nakamura,H (2769) Stavanger 2018}) 12. a5 {[%emt 0:10:25]} d5 $146 {[%emt 0:03:51]} ({Predecessor:} 12... Re8 13. Ng3 d5 14. Bb3 Be6 15. Ng5 Bd7 16. Qc2 Qc7 17. Bd2 h6 18. Nf3 Rad8 19. d4 dxe4 20. Nxe4 Nxe4 21. Qxe4 Be6 22. Bxe6 {½-½ (22) Lopez,A (1670)-Hynes,T (1817) Chessfriend.com 2003}) 13. exd5 {[%emt 0:07:27]} cxd5 {[%emt 0:00:09]} 14. Bb3 {[%emt 0:00:02]} Re8 {[%emt 0:02:35]} 15. Bg5 {[%emt 0:01:38]} h6 {[%emt 0:07:24]} 16. Bxf6 {[%emt 0:02:51]} Qxf6 {[%emt 0:00:06]} 17. d4 {[%emt 0:14:42]} e4 {[%emt 0:05:05]} 18. N3h2 $4 {[%emt 0:12:41]} (18. Bxd5 $18 Bxh3 19. Bxe4 (19. gxh3 exf3 20. Qxf3 Nf4 $18) (19. Rxe4 Rxe4 20. Bxe4 Bf5 $18)) 18... Nf4 {[%emt 0:02:46]} 19. Re3 {[%emt 0:02:36]} h5 {[%emt 0:06:56]} 20. Ng3 {[%emt 0:02:22]} g6 {[%emt 0:07:14]} 21. Ne2 {[%emt 0:08:29]} Nd3 {[%emt 0:03:16]} 22. Qxd3 {[%emt 0:07:33]} exd3 {[%emt 0:00:06]} 23. Rxe8+ {[%emt 0:00:03]} Kg7 $19 {[%emt 0:01:08]} 24. Nc1 {[%emt 0:02:46]} Qc6 {[%emt 0:06:48]} 25. Ba4 {[%emt 0:00:09]} Qxa4 {[%emt 0:01:17]} 26. Rxa4 {[%emt 0:00:28]} d2 {[%emt 0:00:04]} 27. Nd3 {[%emt 0:01:30]} d1=Q+ {[%emt 0:00:09]} 28. Ne1 {[%emt 0:00:05]} Qxa4 {[%emt 0:00:04]} 0-1

[Event "WYCC 2018 O16"]
[Site "Halkidiki"]
[Date "2018.10.24"]
[Round "6"]
[White "Wijesinghe, N L C Dojitha"]
[Black "Golikov, Daniil"]
[Result "0-1"]
[WhiteElo "1688"]
[BlackElo "2319"]
[Annotator "NA"]
[PlyCount "48"]
[EventDate "2018.10.20"]
[EventType "swiss"]
[EventCountry "GRE"]
[SourceTitle "playchess.com"]
[Source "ChessBase"]
[SourceQuality "1"]
[TimeControl "40/5400+30:1800+30"]

1. e4 {[%emt 0:00:00]} e6 {[%emt 0:00:00]} 2. c4 {[%emt 0:01:12]} d5 {[%emt 0:02:25]} 3. exd5 exd5 {[%emt 0:00:03]} 4. cxd5 {[%emt 0:01:07]} Nf6 {[%emt 0:00:05]} 5. Bb5+ {[%emt 0:00:58]} Bd7 {[%emt 0:05:43] C00: French: Unusual White 2nd moves} (5... Nbd7 6. Nc3 Be7 7. Nf3 O-O 8. d4 Nb6 9. h3 Nbxd5 10. O-O Bf5 11. Re1 Bb4 12. Bd2 c6 13. Bc4 Bxc3 14. bxc3 Ne4 15. Rc1 Qf6 {1-0 (36) Vachier Lagrave,M (2789)-Caruana,F (2804) Paris 2016}) 6. Bc4 {[%emt 0:00:39]} Qe7+ {[%emt 0:11:43]} 7. Qe2 {[%emt 0:18:55]} Bg4 {[%emt 0:01:18]} 8. f3 {[%emt 0:03:19]} Bf5 {[%emt 0:00:36]} 9. Nc3 {[%emt 0:01:28]} Nbd7 $146 {[%emt 0:02:32]} ({Predecessor:} 9... a6 10. d4 Nbd7 11. Bf4 Rc8 12. Be5 b5 13. Bb3 {1-0 (40) Fernandez Andrade,A (1861)-Pazos Porta,A (2189) Ourense 2008}) 10. Nb5 (10. h4 $11) 10... Ne5 {[%emt 0:01:30]} 11. Nxc7+ {[%emt 0:17:40]} Qxc7 {[%emt 0:00:02]} 12. f4 {[%emt 0:00:23]} Qxc4 {[%emt 0:09:04]} 13. Qxe5+ {[%emt 0:00:07]} Kd8 {[%emt 0:00:27]} 14. Qxf5 {[%emt 0:04:44]} Bd6 {[%emt 0:25:04]} 15. Ne2 Re8 {[%emt 0:01:28]} 16. d3 {[%emt 0:13:48]} Qc2 {[%emt 0:00:04]} 17. Bd2 {[%emt 0:00:23]} Bb4 {[%emt 0:00:04]} 18. Rd1 {[%emt 0:00:45]} Rc8 {[%emt 0:00:01]} 19. O-O {[%emt 0:18:21]} Rxe2 {[%emt 0:06:24]} 20. Rc1 {[%emt 0:03:58]} Bc5+ {[%emt 0:00:04]} 21. Kh1 {[%emt 0:01:20]} Qxd2 {[%emt 0:00:05]} 22. Rg1 {[%emt 0:00:42]} Rc7 {[%emt 0:01:18]} 23. d6 $19 {[%emt 0:00:43]} Bxd6 {[%emt 0:00:07]} 24. Rxc7 {[%emt 0:02:26]} Bxc7 {[%emt 0:00:05]} 0-1

[Event "WYCC 2018 O16"]
[Site "Halkidiki"]
[Date "2018.10.26"]
[Round "7"]
[White "Yakubboev, Nodirbek"]
[Black "Wachinger, Nikolas"]
[Result "1-0"]
[WhiteElo "2522"]
[BlackElo "2360"]
[Annotator "TA"]
[PlyCount "99"]
[EventDate "2018.10.20"]
[EventType "swiss"]
[EventCountry "GRE"]
[SourceTitle "playchess.com"]
[Source "ChessBase"]
[SourceQuality "1"]

{[%evp 25,99,-31,-30,-92,0,0,0,0,0,6,0,0,11,6,3,0,70,76,82,79,69,72,74,69,170,85,85,94,91,98,166,152,163,108,86,100,83,99,178,173,313,295,406,375,1472,1471,1468,1462,1437,1419,1350,1241,29968,29967,29969,29970,29972,29974,29974,29976,29976,29977,29977,29978,29978,29979,29979,29980,29980,29981,29981,29982,29982,29983,29984,29985]} 1. d4 Nf6 2. c4 g6 3. g3 Bg7 4. Bg2 O-O 5. Nc3 d6 6. Nf3 c5 7. d5 e6 8. O-O exd5 9. cxd5 Re8 10. Nd2 a6 11. a4 Nbd7 12. Nc4 Ne5 13. Na3 Nh5 {LiveBook: 49 Games. A64: Modern Benoni: Fianchetto Variation: 9...Nbd7 10 Nd2 a6 11 a4 Re8} 14. e3 {[#]} (14. Qc2 $11 {keeps the balance.}) 14... f5 (14... b5 $1 $17 {[%cal Rb5b4][%mdl 512] Threatens to win with ...b4.} 15. f4 (15. axb5 axb5) 15... Ng4 16. axb5 axb5 17. Ncxb5 Ba6 18. Nxd6 Qxd6 19. Qxg4 Bxf1 20. Kxf1 Nf6) 15. f4 $11 Nf7 {[#] The position is equal.} 16. Nc4 $146 {[%cal Ba3c4,Bc4a5,Ba5c6][%mdl 32]} ({Predecessor:} 16. Qd3 b5 17. Nc2 b4 18. Nb1 a5 19. Nd2 Ba6 20. Nc4 Nf6 21. Rd1 {0-1 (41) Quinteros,M (2555)-Adamski,J (2470) Polanica Zdroj 1977}) 16... b6 17. Qb3 Rb8 18. Na5 Qc7 19. Nc6 Ra8 $1 20. e4 fxe4 ({Black should try} 20... Bd4+ $11 21. Kh1 (21. Nxd4 cxd4 22. Ne2 Qc5 $11) 21... fxe4) 21. Nxe4 $14 Nf6 22. Nxf6+ Bxf6 23. Bd2 $1 Bf5 24. Rfe1 h5 {[#]} (24... Nh6 $14) 25. Bc3 (25. Re6 $1 $18 {[%cal Re6f6][%mdl 512]} Bxe6 26. dxe6) 25... Bxc3 $16 26. Qxc3 Qd7 27. Qf6 Rxe1+ (27... Kf8 $16 {was necessary.}) 28. Rxe1 $18 {Strongly threatening Re7.} Re8 29. Rxe8+ (29. Re7 $18 {Threatening mate with Qxf7+.} Rxe7 30. Nxe7+ Kf8 31. Nxf5 (31. Nxg6+ Bxg6 32. Qxg6 Qxa4 $14) 31... Qxf5 32. Qxf5 gxf5 33. Bf1) 29... Qxe8 $16 30. Ne7+ $40 {[%mdl 128] White has strong attack.} Kf8 31. Nxf5 gxf5 (31... Qe1+ $16 {was called for.} 32. Bf1 gxf5 33. Qxf5 h4) 32. Bf3 $1 $18 Qe3+ (32... Qxa4 {was worth a try.} 33. Bxh5 Qd4+ 34. Qxd4 cxd4) 33. Kg2 Qd3 {and the idea ...h4 leaves Black hopeful.} 34. Qe6 h4 $2 (34... Qc2+ 35. Kh3 Qxa4 36. Bxh5 Qe8 37. Qxf5 c4) 35. Bh5 {[%csl Gh5][%cal Re6f7]} Qe4+ 36. Qxe4 $1 fxe4 37. Bxf7 Kxf7 {[%mdl 4096] Endgame KP-KP} 38. Kf2 hxg3+ 39. hxg3 {White mates.} Kf6 {[#]} 40. g4 $1 b5 41. axb5 axb5 42. Ke3 b4 43. Kxe4 Kg6 44. f5+ {[%cal Bf4f5,Bf5f6][%mdl 32]} Kg5 45. Ke3 Kf6 46. Kf4 Kf7 {[#]} 47. g5 $1 Kg7 48. f6+ Kg6 49. Ke4 Kf7 50. Kf5 {Precision: White = 82%, Black = 34%.} 1-0

[Event "WYCC 2018 O16"]
[Site "Halkidiki"]
[Date "2018.10.26"]
[Round "7"]
[White "Matviishen, Viktor"]
[Black "Sargsyan, Shant"]
[Result "1/2-1/2"]
[WhiteElo "2476"]
[BlackElo "2463"]
[Annotator "TA"]
[PlyCount "79"]
[EventDate "2018.10.20"]
[EventType "swiss"]
[EventCountry "GRE"]
[SourceTitle "playchess.com"]
[Source "ChessBase"]
[SourceQuality "1"]

{[%evp 23,79,-8,8,6,15,11,6,10,28,18,18,18,16,13,15,19,14,6,40,22,15,9,33,19,20,19,19,20,32,38,25,22,22,0,22,25,31,36,28,33,24,12,23,13,21,17,27,25,72,21,38,25,36,0,30,28,41,0]} 1. c4 e5 2. g3 Nf6 3. Bg2 d5 4. cxd5 Nxd5 5. Nc3 Nb6 6. Nf3 Nc6 7. d3 Be7 8. O-O O-O 9. Be3 Be6 10. a3 Nd5 11. Nxd5 Bxd5 12. Rc1 Re8 {LiveBook: 6 Games} 13. Qc2 {A29: English Opening: Four Knights Variation with 4 g3} Qd7 (13... a6 14. Rfd1 Bf6 15. Nd2 Bxg2 16. Kxg2 Bg5 17. Bxg5 Qxg5 18. e3 {1-0 (57) So,W (2778)-Giri,A (2782) Leuven 2018}) 14. Nd2 Bxg2 $146 ({Predecessor:} 14... Rad8 15. Bxd5 Qxd5 16. b4 a5 17. bxa5 Bxa3 18. Rb1 Bb4 19. Qc4 Bxa5 20. Rxb7 Nd4 21. Qxd5 Nxe2+ {½-½ (29) Shields,G (2355)-Castellano,L (2316) ICCF email 2013}) 15. Kxg2 {The position is equal.} Qd5+ 16. Nf3 Rad8 17. Qc4 a5 18. Rc3 Qxc4 19. Rxc4 f5 20. Rfc1 Bf6 21. R1c2 Rd5 22. Nd2 Red8 23. Nb1 Be7 24. Nc3 R5d7 25. Nb5 Kf7 26. f4 Bf6 27. Rc5 Be7 28. R5c4 Bf6 29. fxe5 Bxe5 30. Bf4 $36 {[%mdl 2048] White has some pressure.} Re8 31. Rc5 Kf6 32. Bxe5+ Rxe5 33. Rxe5 Kxe5 $11 {[%mdl 4096] Endgame KRN-KRN} 34. Rc5+ Kf6 35. Kf2 h5 36. h3 (36. d4 $16) 36... g6 37. Nc3 Ke6 38. Nb5 Kf6 39. Kg2 Ke6 40. Kf2 {Precision: White = 55%, Black = 65%.} 1/2-1/2

[Event "WYCC 2018 O16"]
[Site "Halkidiki"]
[Date "2018.10.26"]
[Round "7"]
[White "Horvath, Dominik"]
[Black "Filgueiras, Nathan Felipe"]
[Result "1-0"]
[WhiteElo "2447"]
[BlackElo "2188"]
[Annotator "TA"]
[PlyCount "73"]
[EventDate "2018.10.20"]
[EventType "swiss"]
[EventCountry "GRE"]
[SourceTitle "playchess.com"]
[Source "ChessBase"]
[SourceQuality "1"]

{[%evp 9,73,0,27,-28,-29,-46,-27,-56,-49,-56,-52,-37,-41,-37,-20,-20,-16,-33,-25,-20,42,35,47,43,56,54,60,53,78,84,79,87,82,82,258,249,265,265,241,243,256,243,241,256,268,262,280,257,366,358,393,317,485,478,527,551,528,527,515,510,560,464,479,469,1820,1584]} 1. c4 Nf6 2. Nc3 e5 3. e3 d5 4. cxd5 Nxd5 5. Qc2 Nxc3 (5... Nb4 {with more complications.} 6. Qb1 g6 7. a3 N4c6 8. Bc4 Nd7) 6. Qxc3 {A22: English Opening: 1...e5 2 Nc3 Nf6} (6. bxc3 $142 Bd6 7. Nf3) (6. bxc3 Bd6 7. Bd3 Nd7 8. Ne2 Nc5 9. Bc4 e4 10. Ba3 Nd3+ 11. Bxd3 exd3 12. Qa4+ Bd7 {0-1 (31) Antipov,M (2588)-Predke,A (2601) Moscow 2017}) 6... Bd6 $11 7. a3 O-O 8. b4 {[#]Black has an edge.} a5 $146 {[%mdl 512]} ({Predecessor:} 8... Qe7 9. Bb2 f5 10. Nf3 Re8 11. Bc4+ Be6 {1-0 (27) Novgorodskij,V (2370)-Kotov,D (2133) Nizhnij Novgorod 2008}) 9. b5 (9. bxa5 c6) 9... c6 10. Nf3 Re8 11. Bb2 cxb5 12. Bxb5 Bd7 13. Qd3 Bxb5 14. Qxb5 {[%cal Rf3e5]} Nc6 ({Better is} 14... Qd7 $11 15. Qd3 e4) 15. Qxb7 $14 Rb8 16. Qxc6 Rxb2 17. O-O e4 {[#] aiming for ...Rb6.} 18. Ng5 $1 {[%mdl 512]} h6 (18... Qxg5 19. Qxe8+) 19. Nxe4 Bxh2+ 20. Kxh2 {Black must now prevent Kg1.} Qh4+ 21. Kg1 Rxe4 $2 (21... Qxe4 $16 {keeps fighting.} 22. Qxe4 Rxe4) 22. Qc8+ $18 Kh7 {[#]} 23. Qf5+ $1 Kg8 24. Rab1 ({Much less strong is} 24. Qxa5 $6 Re8) 24... Rxb1 25. Rxb1 $40 {[%mdl 4224] Endgame White threatens Rb8+ and mate. KQR-KQR. White wants a kill.} Re8 26. Qxa5 Qg4 27. Qb4 Qg6 28. Rc1 h5 (28... Qd3 $142 29. a4 Rd8) 29. a4 {[%cal Ba3a4,Ba4a5][%mdl 32]} Re4 30. Rc4 ({Don't take} 30. Rc8+ Kh7 $18) 30... Re6 (30... Rxc4 $142 31. Qxc4 Qb1+ 32. Kh2 Qf5) 31. a5 {White is clearly winning.} Qf6 32. Rc8+ Kh7 33. Qb1+ g6 34. d4 h4 35. Qb8 Ra6 36. Qc7 Qf5 (36... h3 $142 37. d5 Kg7) 37. Qd8 {Precision: White = 55%, Black = 36%.} 1-0